000 00360nam a2200157Ia 4500
001 4518
003 IN-NITTTR
005 20251114233000.0
008 251113s9999||||xx |||||||||||||| ||eng||
040 _beng
040 _cIN-NITTTR
041 _aeng
082 _a690 A17S
245 0 _aScience in building for craft student and technician /
942 _2ddc
_cBK
999 _c7154
_d7154